Catholic University of Zimbabwe Library
Online Public Access Catalogue
(OPAC)

The fables of Aesop. (Record no. 4190)

MARC details
000 -LEADER
fixed length control field 00664cam a22002292 4500
001 - CONTROL NUMBER
control field 0000004359
005 - DATE AND TIME OF LATEST TRANSACTION
control field 20170406115750.0
008 - FIXED-LENGTH DATA ELEMENTS--GENERAL INFORMATION
fixed length control field 960709s1896 paua 000 0 eng
010 ## - LIBRARY OF CONGRESS CONTROL NUMBER
LC control number tmp93001247
035 ## - SYSTEM CONTROL NUMBER
-- (DLC)tmp93001247
040 ## - CATALOGING SOURCE
Original cataloging agency DLC
Transcribing agency DLC
Modifying agency DLC
050 00 - LIBRARY OF CONGRESS CALL NUMBER
Classification number PZ8.2
Item number .A254 1896
130 0# - MAIN ENTRY--UNIFORM TITLE
Uniform title Aesop's fables.
Language of a work English.
245 04 - TITLE STATEMENT
Title The fables of Aesop.
260 ## - PUBLICATION, DISTRIBUTION, ETC.
Place of publication, distribution, etc. Philadelphia :
Name of publisher, distributor, etc. Henry Altemus,
Date of publication, distribution, etc. 1896.
300 ## - PHYSICAL DESCRIPTION
Extent 160 p. :
Other physical details illus. ;
Dimensions 17 cm.
490 0# - SERIES STATEMENT
Series statement Altemus young people's library ;
Volume/sequential designation no. 7 [from old catalog]
650 #0 - SUBJECT ADDED ENTRY--TOPICAL TERM
Topical term or geographic name entry element Fables, Greek
Form subdivision Adaptations.
650 #1 - SUBJECT ADDED ENTRY--TOPICAL TERM
Topical term or geographic name entry element Fables.
700 0# - ADDED ENTRY--PERSONAL NAME
Personal name Aesop.
908 ## - PUT COMMAND PARAMETER (RLIN)
Put command parameter 140911
Holdings
Withdrawn status Lost status Source of classification or shelving scheme Damaged status Not for loan Home library Current library Shelving location Date acquired Total Checkouts Full call number Barcode Date last seen Copy number Price effective from Koha item type
          CUZ Harare Campus CUZ Harare Campus Open Shelf 06.04.2017   PZ 3.2A254 PAL BK0005036 22.05.2025 CU11151 06.04.2017 OS Book

OPENING HOURS

Weekdays: 0815hrs - 1800hrs
Weekends:0900hrs - 1200hrs

Closed for Mass:

Mon, Thur: 1200hrs - 1300hrs
Sunday & Public Holiday’s

CALL SUPPORT

0242-570570, 0242-570169
09200664, +263 8644140602

LOCATION

18443, Cranborne Avenue, Hatfield, Harare

Other Links


©2021 | CUZ Library